| 000 | 00581nam a2200229Ia 4500 | ||
|---|---|---|---|
| 005 | 20250425160747.0 | ||
| 008 | 250425s9999 xx 000 0 und d | ||
| 041 | _aspa | ||
| 082 | _a634 | ||
| 110 | _aFEDERACION NACIONAL DE CAFETEROS DE COLOMBIA | ||
| 245 | 0 | _aFRUTICULTURA TROPICAL | |
| 250 | _a4A ED. | ||
| 260 | _aBOGOTA | ||
| 260 |
_aColombia _bFEDERACION NACIONAL DE CAFETEROS DE COLOMBIA _c1997 |
||
| 300 | _a324 | ||
| 650 | _aFRUTALES | ||
| 650 | _aFRUTAS CITRICAS | ||
| 650 | _aFRUTAS TROPICALES | ||
| 650 | _aFRUTICULTURA | ||
| 942 | _c01 | ||
| 010 | _a4657 | ||
| 999 |
_c195629 _d195629 |
||